<?xml version="1.0" encoding="UTF-8"?>
<record
    xmlns:xsi="http://www.w3.org/2001/XMLSchema-instance"
    xsi:schemaLocation="http://www.loc.gov/MARC21/slim http://www.loc.gov/standards/marcxml/schema/MARC21slim.xsd"
    xmlns="http://www.loc.gov/MARC21/slim">

  <leader>00383pam a2200157a 44500</leader>
  <controlfield tag="008">230405s1995    xxu||||| |||| 00| 0 eng d</controlfield>
  <datafield tag="041" ind1=" " ind2=" ">
    <subfield code="a">ENG</subfield>
  </datafield>
  <datafield tag="100" ind1=" " ind2=" ">
    <subfield code="a">Chaurasia B. D.</subfield>
  </datafield>
  <datafield tag="245" ind1=" " ind2=" ">
    <subfield code="a">HUMAN ANOTOMY</subfield>
    <subfield code="b">VOL 3</subfield>
  </datafield>
  <datafield tag="260" ind1=" " ind2=" ">
    <subfield code="a">delhi</subfield>
    <subfield code="b">C.B.S. PUBLI.</subfield>
    <subfield code="c">1995</subfield>
  </datafield>
  <datafield tag="300" ind1=" " ind2=" ">
    <subfield code="a">332p.</subfield>
  </datafield>
  <datafield tag="440" ind1=" " ind2=" ">
    <subfield code="a">SOURCE=RATNAKAR BOOK MIRAJ</subfield>
  </datafield>
  <datafield tag="650" ind1=" " ind2=" ">
    <subfield code="a">VOCATIONAL</subfield>
  </datafield>
  <datafield tag="690" ind1=" " ind2=" ">
    <subfield code="a">VOCATIONAL</subfield>
  </datafield>
  <datafield tag="906" ind1=" " ind2=" ">
    <subfield code="a">10463</subfield>
  </datafield>
  <datafield tag="999" ind1=" " ind2=" ">
    <subfield code="c">790679</subfield>
    <subfield code="d">790679</subfield>
  </datafield>
  <datafield tag="952" ind1=" " ind2=" ">
    <subfield code="0">0</subfield>
    <subfield code="1">0</subfield>
    <subfield code="4">0</subfield>
    <subfield code="7">0</subfield>
    <subfield code="8">C</subfield>
    <subfield code="a">PKS</subfield>
    <subfield code="b">PKS</subfield>
    <subfield code="d">2014-06-25</subfield>
    <subfield code="l">0</subfield>
    <subfield code="p">PKS-V-369</subfield>
    <subfield code="r">2023-07-26 00:00:00</subfield>
    <subfield code="w">2023-07-26</subfield>
    <subfield code="y">BK</subfield>
  </datafield>
</record>
